000
00326nam a2200133Ia 4500
008
190216s9999||||xx |||||||||||||| ||und||
100
_a
Lawrence R Klein
245
0
_a
Introduction To Econometrics
250
_a
1st Ed.
260
_b
Prentice Hall Of India Pvt Ltd
_c
1965
300
_a
280
650
_a
Economics
942
_c
BK
999
_c
9114
_d
9114